Which of cities with the same or similar names is more populous? - Statistics

General Stats
  • This quiz has been taken 180 times
    173 since last reset
  • The average score is 18 of 25
Answer Stats
Question Answer % Correct
Choose the more populous city Dhaka
100%
Choose the more populous city Nizhny Novogrod
96%
Choose the more populous city Barcelona, Spain
94%
Choose the more populous city Izmir
94%
Choose the more populous city Rostov(Rostov-on-Don)
93%
Choose the more populous city Antalya
92%
Choose the more populous city Hyderabad, India
92%
Choose the more populous city Omsk
92%
Choose the more populous city Newcastle, UK
86%
Choose the more populous city Kochi, India
83%
Choose the more populous city Mariupol
81%
Choose the more populous city Salvador
76%
Choose the more populous city Constantine
71%
Choose the more populous city Syracuse, US
71%
Choose the more populous city Palma
67%
Choose the more populous city Malaga
65%
Choose the more populous city Turkmenabat
65%
Choose the more populous city Brest, Belarus
64%
Choose the more populous city Krasnoyarsk
60%
Choose the more populous city San Jose, US
60%
Choose the more populous city Middlesbrough
53%
Choose the more populous city Petropavl
51%
Choose the more populous city Taizhou, Zhejiang, China
49%
Choose the more populous city São Luís
46%
Choose the more populous city Valencia, Venezuela
46%
No matching quizzes found
Score Distribution
Percent of People with Each Score
Percentile by Number Answered
Your Score History
You have not taken this quiz since the last reset